00928nam a2200241 i 4500003000400000005001700004008004100021020003900062040002500101082001700126100003300143245016300176264004400339264001100383300003000394336002100424337002500445338002300470504005000493650005800543650004000601700004500641OSt20260309092823.0260309t20242024nyu gr 001 0 eng d a9781260459029cRM 125.00qhardback aPPAKbengcPPAKerda04223a658.40131 aBernhard, Fabrice, eauthor.10aThe Lean Tech Manifesto : bLearn the secrets of tech leaders to grasp the full benefits of Agile at scale / cFabrice Bernhard, Benoãit Charles-Lavauzelle. 1a[New York, NY] :bMcGraw Hill, c[2024] c©2024 axxvii, 224 pages ;c24 cm atext2rdacontent aunmediated2rdamedia avolume2rdacarrier aIncludes bibliographical references and index10aAgile project management xTechnological innovations.20aInformation technology xManagement1 aCharles-Lavauzelle, Benoãit, eauthor.